[Event "Lingen op 4th"]
[Site "Lingen"]
[Date "2012.07.22"]
[Round "4"]
[White "Wiege, Gerald"]
[Black "Kohnen, Michael"]
[Result "1-0"]
[WhiteElo "2019"]
[BlackElo "1594"]
[PlyCount "51"]
[EventDate "2012.07.20"]
[EventType "swiss"]
[EventRounds "5"]
[EventCountry "GER"]
[SourceTitle "EXT 2013"]
[Source "ChessBase"]
[SourceDate "2012.11.22"]
[SourceVersion "1"]
[SourceVersionDate "2012.11.22"]
[SourceQuality "1"]

1. d4 d5 2. Nf3 e6 3. g3 b6 4. Bg2 Bb7 5. 0-0 Nd7 6. c4 c5 7. dxc5 Bxc5 8. cxd5 Bxd5 9. Nc3 Bc6 10. Bf4 Ngf6 11. Bd6 Rc8 12. Rc1 Bxd6 13. Qxd6 Qe7 14. Nb5 Bb7 15. Rxc8+ Bxc8 16. Rc1 Bb7 17. Rc7 Qxd6 18. Nxd6+ Ke7 19. Nxb7 Nd5 20. Rc1 Rb8 21. e4 Nb4 22. Rc4 a5 23. e5 Rxb7 24. Nd4 Nd5 25. f4 Ne3 26. Rc8 1-0